Trí tuệ nhân tạo trong marketing

Phân tích những hiệu quả của việc ứng dụng AI trong marketing ở các khu vực: châu Á - Thái Bình Dương với ngành du lịch; châu Âu với ba ngành mà AI đang tạo ra sự biến đổi lớn là viễn thông, ngân hàng và môi trường xây dựng (bao gồm bất đo...

Täydet tiedot

Tallennettuna:
Bibliografiset tiedot
Päätekijä: King, Katie
Muut tekijät: Lê Tường Vân (Dịch)
Aineistotyyppi: Kirja
Kieli:Vietnamese
Julkaistu: H. Công Thương 2020
Aiheet:
Tagit: Lisää tagi
Ei tageja, Lisää ensimmäinen tagi!
Thư viện lưu trữ: Thư viện Trường Đại học Nam Cần Thơ
LEADER 01518nam a22002177a 4500
001 NCT_143899
008 180921b xxu||||| |||| 00| 0 vie d
999 |c 7409  |d 7409 
020 |a 9786049885624  |c 99000 
082 0 4 |2 23rd ed.  |a 658.8  |b K52 
100 1 |a King, Katie 
245 1 0 |a Trí tuệ nhân tạo trong marketing  |c Katie King ; Lê Tường Vân (dịch) 
260 |a H.  |b Công Thương  |c 2020 
300 |a 269 tr.  |b Minh họa  |c 24cm 
520 3 |a Phân tích những hiệu quả của việc ứng dụng AI trong marketing ở các khu vực: châu Á - Thái Bình Dương với ngành du lịch; châu Âu với ba ngành mà AI đang tạo ra sự biến đổi lớn là viễn thông, ngân hàng và môi trường xây dựng (bao gồm bất động sản, xây dựng và quản lý cơ sở vật chất); Bắc Mỹ và Anh với ngành ngân hàng và bán lẻ; cuối cùng là Trung Đông với ngành công nghệ 
653 |a Quản trị kinh doanh 
700 1 |a Lê Tường Vân  |e Dịch 
942 |2 ddc  |c BK 
952 |0 0  |1 0  |2 ddc  |4 0  |6 658_800000000000000_K52  |7 0  |9 26626  |a 000001  |b 000001  |d 2023-01-13  |o 658.8 K52  |p MD.21025  |r 2023-01-13  |v 99000.00  |w 2023-01-13  |y BK 
952 |0 0  |1 0  |2 ddc  |4 0  |6 658_800000000000000_K52  |7 0  |9 26627  |a 000001  |b 000001  |d 2023-01-13  |l 1  |o 658.8 K52  |p MD.21026  |r 2023-06-06  |s 2023-05-23  |v 99000.00  |w 2023-01-13  |y BK 
980 |a Thư viện Trường Đại học Nam Cần Thơ